000 01133nam a2200361 a 4500
001 25463
003 CO-ViMGA
005 20230915232059.0
006 a5294455
008 141112s2004 ck r 000 u spa d
015 _aMON1212
017 _aB 15175 - 2012 Oficina Depósito Legal Barcelona
020 _a9788426139290
035 _a(OCoLC)828342893
040 _aCO-ViMGA
_bspa
_cCO-ViMGA
041 _aspa
_beng
080 _a087.5 : 82
090 _aSTEn
100 1 _aStein, David Ezra
_938857
240 _aInterrumpting chicken Español
245 1 0 _aíNo interrumpas, Kika! /
_cDavid Ezra Stein ; [traducción de Teresa Farran]
250 _a1a. ed.
260 _aBarcelona :
_bJuventud,
_c2012
300 _a[40] p. il. col. 23 x 28 cm
336 _aImagen (fija ; bidimensional ; visual) Texto (visual) isbdcontent
337 _asin mediación isbdmedia
594 _aTítulo original : Interrumpting chicken
650 1 4 _aCuentos Infantiles - Inglaterra
_938858
700 1 _aFarran, Teresa
_938859
926 _aBNALCALA SG_PETANTI 12/887320 FONDO_MODE 1
942 _2ddc
_cBK
956 _a2
999 _c33049
_d33049